Meditations pour une retraite selon les Exercices de Saint Ignace / d'aprés le R. p. Longhaye

Gespeichert in:
Bibliographische Detailangaben
1. Verfasser: Longhaye, Georges (autor)
Format: Buch
Schlagworte:
Tags: Tag hinzufügen
Keine Tags, Fügen Sie das erste Tag hinzu!

MARC

LEADER 00000nam^a2200000^u^4500
001 000551158
005 20250521000000.0
008 060220s1000^^^^^^^^^^^^r^^^^^000^0^spa^d
009 20260310131549.968
035 |a FMI 000020942 
037 |a Acervo Xavier Clavigero 
096 |a 4.4.2/6/C 
100 |a Longhaye, Georges  |e (autor) 
245 1 0 |a Meditations pour une retraite selon les Exercices de Saint Ignace / d'aprés le R. p. Longhaye 
264 |a París : Couvent de Marie-Réparatrice, 1932 
300 |a 1 v. (varias paginaciones) 
336 |a texto  |b txt  |2 rdacontenido 
337 |a sin mediación  |b n  |2 rdamedio 
338 |a volumen  |b nc  |2 rdasoporte 
597 |a pte.1A Prremière semaine - pte.2 B Deuxième semaine - pte.3 C Troisième semaine - pte.4 D Quatrième semaine 
649 |a XX 
650 |a Espiritualidad de la Compañía de Jesús 
910 |a Fondo Francisco Migoya Covarrubias S.J. 
920 |a Impresos - Libros 
930 |a Fondos Especiales 
905 |a 134 
901 |a SBC01929  |b IT2  |c ESP  |u 20250521 
902 |a https://opac.biblio.iteso.mx/vufind/Record/000551158